|
|
|
|
| LEADER |
00000nas a2200000 a 4500 |
| 001 |
ssj0011984 |
| 003 |
WaSeSS |
| 005 |
20200512172242.0 |
| 006 |
m d |
| 007 |
cr n |
| 008 |
050614c19779999enkbx p s 0 0eng c |
| 010 |
|
|
|a 2012263052
|
| 015 |
|
|
|a GBB3B3182
|2 bnb
|
| 016 |
7 |
|
|a 015173833
|2 Uk
|
| 022 |
|
|
|a 2041-0980
|y 0309-8168
|
| 035 |
|
|
|a (WaSeSS)ssj0011984
|
| 037 |
|
|
|b Sage Publications Ltd., 1 Oliver's Yard, 55 City Rd, London, EC1Y 1SP United Kingdom
|
| 040 |
|
|
|a OCLCS
|b eng
|c OCLCS
|d CUS
|d FGA
|d EYM
|d TXJ
|d CO3
|d OCLCQ
|d VRC
|d TXA
|d OCLCQ
|d OCLCE
|d OCLCQ
|d OCLCF
|d OCLCO
|d OCLCQ
|d VT2
|d OCLCO
|d OCLCQ
|d NLE
|d UKMGB
|d U3W
|d AUD
|d UBY
|d WaSeSS
|
| 042 |
|
|
|a pcc
|a dlr
|
| 050 |
1 |
4 |
|a HB97.5
|b .C315
|
| 082 |
0 |
4 |
|a 335.4/05
|2 19
|
| 245 |
0 |
0 |
|a Capital & class
|h [electronic resource].
|
| 246 |
3 |
|
|a Capital and class
|
| 260 |
|
|
|3 <Spring 1983> :
|a [London] :
|b [Conference of Socialist Economists]
|
| 260 |
3 |
|
|3 2010- :
|a [London, U.K.] :
|b SAGE Publications
|
| 310 |
|
|
|a Bimonthly,
|b 2019-
|
| 321 |
|
|
|a Quarterly,
|b 2017-2018
|
| 321 |
|
|
|a Three issues a year,
|b 1977-2016
|
| 362 |
1 |
|
|a Print began with no. 1 (spring 1977).
|
| 506 |
|
|
|a License restrictions may limit access.
|
| 515 |
|
|
|a Issued as nos. 1-99, for 1977-2009; designation format changed to vols. and nos. from 2010-, starting with Vol. 34, no. 1.
|
| 525 |
|
|
|a Supplements accompany some issues.
|
| 538 |
|
|
|a Master and use copy. Digital master created according to Benchmark for Faithful Digital Reproductions of Monographs and Serials, Version 1. Digital Library Federation, December 2002.
|u http://purl.oclc.org/DLF/benchrepro0212
|5 MiAaHDL
|
| 538 |
|
|
|a Mode of access: World Wide Web.
|
| 550 |
|
|
|a "Journal of the Conference of Socialist Economists."
|
| 583 |
1 |
|
|a digitized
|c 2010
|h HathiTrust Digital Library
|l committed to preserve
|5 MiAaHDL
|2 pda
|
| 588 |
|
|
|a Description based on: No. 67 (1999); title from PDF article running title (SAGE journals, viewed Feb. 3, 2012).
|
| 588 |
|
|
|a Latest issue consulted: Vol. 36, no. 1 (2012) (SAGE journals, viewed Feb. 3, 2012).
|
| 650 |
|
0 |
|a Marxian economics
|v Periodicals.
|
| 650 |
|
0 |
|a Capitalism
|v Periodicals.
|
| 650 |
|
6 |
|a Socialisme
|x Aspect économique
|v Périodiques.
|
| 650 |
|
6 |
|a Communisme
|v Périodiques.
|
| 650 |
|
7 |
|a Capitalism.
|2 fast
|0 (OCoLC)fst00846425
|
| 650 |
|
7 |
|a Marxian economics.
|2 fast
|0 (OCoLC)fst01010951
|
| 650 |
1 |
7 |
|a Marxisme.
|2 gtt
|
| 650 |
1 |
7 |
|a Economie.
|2 gtt
|
| 650 |
1 |
7 |
|a MARXIAN ECONOMICS.
|2 unbist
|
| 653 |
|
|
|a Economics
|a Serials
|
| 655 |
|
0 |
|a Electronic journals.
|
| 710 |
2 |
|
|a Conference of Socialist Economists.
|
| 776 |
0 |
8 |
|i Print version:
|t Capital & class
|x 0309-8168
|w (DLC) 83646930
|w (OCoLC)3388313
|
| 780 |
0 |
0 |
|a Conference of Socialist Economists.
|t Bulletin of the Conference of Socialist Economists
|
| 856 |
4 |
0 |
|z Full text available from Research Library: 10/01/1995 to 10/31/2015
|u https://search.proquest.com/publication/30109
|